The Weeknd Songs (2025) - Statistics

General Stats
  • This quiz has been taken 808 times
  • The average score is 74 of 161
Answer Stats
Album Answers % Correct
Starboy Starboy
92%
After Hours
86%
House Of Balloons / Glass Table Girls
85%
Blinding Lights
80%
The Hills
80%
Kissland
79%
My Dear Melancholy Call Out My Name
76%
Save Your Tears
74%
Cry For Me
73%
Dawn FM Dawn FM
73%
Hurry Up Tomorrow
73%
Sao Paulo
73%
Can't Feel My Face
71%
Die For You
71%
Thursday
70%
Heartless
68%
Party Monster
68%
Timeless
68%
Wicked Games
68%
Stargirl Interlude
67%
I Feel It Coming
66%
Reminder
65%
The Morning
65%
House Of Balloons High For This
64%
Earned It
63%
Echoes Of Silence
62%
Often
62%
I Was Never There
61%
The Abyss
61%
The Party & The After Party
61%
Gasoline
60%
Open Hearts
60%
Escape From LA
59%
Hurry Up Tomorrow Wake Me Up
59%
Baptized In Fear
58%
In Your Eyes
58%
Is There Someone Else?
58%
Out of Time
58%
The Birds Pt.1
58%
The Birds Pt.2
58%
Coming Down
57%
Take My Breath
57%
I Can't F****** Sing
56%
Less Then Zero
56%
Sacrifice
56%
Take Me Back To LA
56%
In The Night
55%
Sidewalks
54%
After Hours Alone Again
53%
Faith
53%
Montreal
53%
Try Me
53%
What You Need
53%
Acquainted
52%
False Alarm
52%
Niagara Falls
52%
Snowchild
52%
Wanderlust
52%
How Do I Make You Love Me
51%
Moth To A Flame
51%
Red Terror
51%
Reflections Laughing
51%
Secrets
51%
Valerie
51%
Angel
50%
Echoes Of Silence D.D.
50%
Hurt You
50%
Loft Music
50%
Tears In The Rain
50%
XO / The Host
50%
Best Friends
49%
Too Late
49%
Twenty Eight
49%
Drive
48%
The Knowing
48%
Prisoner
47%
Enjoy The Show
46%
Opening Night
46%
Privilege
46%
Kissland Professional
46%
Tell Your Friends
46%
Hardest To Love
45%
Rockin'
45%
The Zone
45%
Given Up On Me
44%
I Heard You're Married
44%
Six Feet Under
44%
Starry Eyes
44%
True Colors
44%
Wasted Times
44%
Losers
43%
Scared To Live
43%
Shameless
43%
Until I Bleed Out
43%
A Lonely Night
42%
Here We Go... Again
42%
Thursday Lonely Star
42%
Rolling Stone
42%
Without A Warning
42%
As You Are
41%
I Can't Wait To Get There
41%
One Of The Girls
41%
The Town
41%
Ordinary Life
40%
Pretty
40%
Beauty Behind The Madness Real Life
40%
Repeat After Me
40%
Adaptation
39%
All I Know
39%
A Tale By Quincy
39%
Give Me Mercy
39%
Initiation
39%
Life Of The Party
39%
Live For
39%
Next
39%
Popular
39%
The Fall
39%
Until We're Skin & Bones
39%
Big Sleep
38%
Dark Times
38%
Heaven Or Las Vegas
37%
Gone
36%
Love To Lay
36%
Attention
35%
Belong To The World
35%
Don't Break My Heart
35%
Love In The Sky
35%
Nothing Compares
35%
Pray For Me
35%
Final Lullaby
34%
Nothing Without You
34%
Singles / Other Songs Love Me Harder
33%
Same Old Song
33%
Dancing In The Flames
32%
Every Angel is Terrifying
32%
Odd Look
32%
Outside
32%
Phantom Regret by Jim
32%
Till Dawn (Here Comes The Sun)
32%
Missed You
31%
Lost in the Fire
30%
Creepin'
29%
Or Nah
29%
Low Life
25%
K-POP
20%
Double Fantasy
19%
Crew Love
18%
Lust for Life
18%
Hurricane
16%
One Right Now
16%
You Right
16%
We Still Don't Trust You
15%
off the table
14%
Fill The Void
12%
Power is Power
12%
Over Now
10%
Some Way
9%
Another One Of Me
7%
Where You Belong
7%
All To Myself
6%
Always Be My Fault
5%
No matching quizzes found
Score Distribution
Percent of People with Each Score
Percentile by Number Answered
Your Score History
You have not taken this quiz